000 00264nam a2200097Ia 4500
005 20250424112922.0
008 250424s9999 xx 000 0 und d
300 _avii, 215p.; ill.; 24cm
650 _aNigeria--Languages--Study and teaching--Periodicals.
942 _cSR
999 _c37875
_d37875